000 01080nam a2200217 a 4500
008 120416s1974 ||||||||||||||||| || u
020 _a0719005515
050 _aJQ 2881 Pol
100 _aTordoff, William
245 1 0 _aPolitics in Zambia
_cedited by William Tordoff
260 _aManchester:
_bManchester University
_c1974
300 _axi, 439p.
350 _a0.00
500 _aBibliography
650 _aPOLITICS
650 _aPOLITICAL ASPECTS--ZAMBIA
995 _aBINDERY (DAMAGED)
_D0.00
_e168743
_FCBU-MAIN LIBRARY (Kitwe)
_H4
_I0.00
_jJQ 2881 Pol
_M3
_UDAMAGED
_y018958
_ZMain Library Open Access Collection
995 _aSPECIAL COLLECTIONS
_D0.00
_e167241
_FCBU-MAIN LIBRARY (Kitwe)
_H3
_I0.00
_jZAM JQ 2881 Pol
_M4
_UAVAILABLE
_y024238
_ZZambiana Collection
995 _aMAIN LIBRARY OPEN ACCESS
_D0.00
_e701011
_FCBU-MAIN LIBRARY (Kitwe)
_H1
_I0.00
_jJQ 2881 Pol
_M1
_UAVAILABLE
_y009083
_ZMain Library Open Access Collection
995 _aMAIN LIBRARY OPEN ACCESS
_D0.00
_e701012
_FCBU-MAIN LIBRARY (Kitwe)
_H2
_I0.00
_jJQ 2881 Pol
_M2
_UAVAILABLE
_y009084
_ZMain Library Open Access Collection
999 _c82043
_d82043